TOP 15 HIGHEST GROSSING MOVIES EVER (WORLDWIDE) - Statistics

General Stats
  • This quiz has been taken 33 times
  • The average score is 4 of 15
Answer Stats
Hint Answer % Correct
James Cameron Avatar
97%
James Cameron Titanic
94%
J. J. Abrams Star Wars: The Force Awakens
50%
Joss Whedon The Avengers
41%
Joss Whedon The Avengers: Age Of Ultron
28%
Sam Mendes Skyfall
25%
Colin Trevorrow Jurassic World
22%
Shane Black Iron Man 3
19%
James Wan Fast and Furious 7
9%
Pierre Coffin and Kyle Balda Minions
9%
Jennifer Lee and Chris Buck Frozen
6%
David Yates Harry Potter And The Deathly Hallows Part 2
6%
Peter Jackson The Lord Of The Rings: Return Of The King
6%
Michael Bay Transformers: Age Of Extinction
3%
Michael Bay Transformers: Dark Of The Moon
3%
No matching quizzes found
Score Distribution
Percent of People with Each Score
Percentile by Number Answered
Your Score History
You have not taken this quiz